[Event "Rohde op 07th"]
[Site "Sautron"]
[Date "2007.10.29"]
[Round "3"]
[White "Das, Arghyadip"]
[Black "Edouard, Romain"]
[Result "1/2-1/2"]
[WhiteElo "2367"]
[BlackElo "2472"]
[Annotator "RR"]
[PlyCount "48"]
[EventDate "2007.10.27"]
[EventType "swiss"]
[EventRounds "9"]
[EventCountry "FRA"]
[SourceTitle "EXT 2008"]
[Source "ChessBase"]
[SourceDate "2007.11.25"]
[SourceVersion "1"]
[SourceVersionDate "2007.11.25"]
[SourceQuality "1"]

1. e4 c5 2. b3 {Ce joueur a un style trés solide} d6 3. Bb2 Nf6 (3... e5 {
[%csl Rb2]} 4. f4 exf4 5. Nf3 Nf6 6. Nc3 Nc6 7. Bb5 Bd7 8. O-O Be7 9. d3 O-O
10. Qd2 {[%cal Gd2f4]}) 4. Nc3 (4. Bb5+ {Das,A (2367)-Babaev,R (2444) Rohde op
7th 2007 (9.4) 1/2}) 4... Nc6 5. f4 g6 6. Nf3 Bg7 7. Qe2 O-O 8. O-O-O Nd4 9.
Qf2 Nxf3 $146 ({RR} 9... b5 10. Nxd4 cxd4 11. Qxd4 Ng4 12. Qg1 b4 13. Nd5 Bxb2+
14. Kxb2 e6 15. Nxb4 a5 16. Nd3 a4 17. Be2 Ba6 18. Bxg4 Bxd3 19. Qd4 Bb5 20. c4
Bc6 21. b4 Qh4 22. h3 Rab8 23. a3 h5 24. Qc3 {Reprintsev,A (2310)-Begaliev/
Roslavl 1989/EXT 1998/1-0 (42)}) 10. gxf3 Nh5 $11 11. Ne2 Bxb2+ 12. Kxb2 e6 13.
d4 Qf6 14. e5 Qg7 15. Bh3 (15. c3) 15... f5 $5 16. exd6 Rd8 $11 17. Kb1 c4 18.
d5 Rxd6 19. Qc5 Rxd5 20. Rxd5 exd5 21. Qxd5+ Qf7 22. Qd8+ Qf8 23. Qd5+ Qf7 24.
Qd8+ Qf8 1/2-1/2

[Event "FRA-chT Top 12"]
[Site "Drancy"]
[Date "2016.05.31"]
[Round "4.4"]
[White "Todorov, Todor"]
[Black "Maze, Sebastien"]
[Result "0-1"]
[WhiteElo "2494"]
[BlackElo "2614"]
[Annotator "RR"]
[PlyCount "88"]
[EventDate "2016.05.28"]
[EventType "team-tourn"]
[EventRounds "11"]
[EventCountry "FRA"]
[SourceTitle "CBM 172 Extra"]
[Source "ChessBase"]
[SourceDate "2016.06.21"]
[SourceVersion "1"]
[SourceVersionDate "2016.06.21"]
[SourceQuality "1"]
[WhiteTeam "Drancy Cavalier Bleu"]
[BlackTeam "Bois Colombes"]
[WhiteTeamCountry "FRA"]
[BlackTeamCountry "FRA"]
[TimeControl "40/5400+30:1800+30"]

1. e4 {[%emt 0:00:49][%mdl 512]} c5 {[%emt 0:00:00] Sébastien Mazé remporte
un second prix de beauté en 4 rondes!} 2. b3 {[%emt 0:01:18] Relativement
populaire depuis quelques années} Nc6 {[%emt 0:00:37]} (2... g6 {la ligne
critique à haut niveau} 3. Bb2 Nf6 4. e5 Nd5 {Aravindh,C (2486)-Carlsen,M 
(2834) Qatar Masters op 2015 (2) 0-1}) (2... Nf6 3. e5 Nd5) 3. Bb2 {[%emt 0:00:
07]} e5 {[%emt 0:00:23] Tentant d'enfermer le Bb2} (3... Nf6 4. e5 Nd5 {
Smits,M (2259)-Maze,S (2506) BEL-chT 0506 2005 (5) 0-1}) 4. f4 {[%emt 0:00:06]}
exf4 {[%emt 0:03:25]} (4... d6) 5. Nf3 {[%emt 0:00:23]} d6 {[%emt 0:00:09]} (
5... d5 6. exd5 Qxd5 7. Bc4 Qe4+ 8. Kf2 Be6 9. Ng5 Qg6 10. Nxe6 fxe6 11. Bxe6
Bd6 12. Re1 Nge7 13. Na3 Nd8 14. Bc4 f3 15. gxf3 Bxh2 16. Be5 Qh5 17. Qe2 Ndc6
18. f4 Qh4+ 19. Kg2 Bxf4 20. Bxf4 Qxf4 21. Rf1 Qg5+ 22. Kh1 O-O-O 23. Qh2 Rd4
24. Be6+ Kd8 25. Rg1 Qf6 26. Bh3 Ne5 27. Raf1 Qc6+ 28. Bg2 Qd6 29. Nb5 Qe6 30.
Nxd4 cxd4 31. Re1 N7g6 32. c3 Qd6 33. Re4 dxc3 34. dxc3 Kc7 35. Rge1 {Inarkiev,
E (2660)-Donchenko,A (2577) Berlin 2015 1-0}) 6. Nc3 $6 {[%emt 0:00:19]} (6.
Bb5 $142 Nf6 7. Nc3 Be7 8. O-O Bg4 9. Nd5 O-O) (6. Bc4 $142 Be6 7. O-O Bxc4 8.
bxc4 Nf6 9. Nc3 $14) 6... Be7 $5 {[%emt 0:04:09][%cal Ge7h4]} (6... Nf6 7. Bb5
Be7 8. O-O O-O) 7. Bc4 {[%emt 0:09:53]} Bh4+ {[%emt 0:01:26]} 8. Nxh4 {[%emt 0:
05:30]} Qxh4+ {[%emt 0:00:16]} 9. Kf1 {[%emt 0:00:19]} Nf6 {[%emt 0:05:37]} 10.
Qe1 $146 {[%emt 0:02:33]} (10. Nd5 O-O 11. Nxf6+ gxf6 12. g3 fxg3 13. Qf3 Bh3+
14. Kg1 g2 15. Bxf6 Ne5 16. Qe2 gxh1=Q+ {0-1 (16) Blesing,A (2033)-Rahls,P 
(2190) Berlin 1994}) 10... Qxe1+ {[%emt 0:11:59]} 11. Rxe1 {[%emt 0:03:13]} Ne5
$11 {[%emt 0:00:23]} 12. Kf2 {[%emt 0:18:52][%cal Gh1f1]} a6 {[%emt 0:09:52]} (
12... Nfg4+ $5 13. Kf1 Nxc4 14. bxc4 Be6 15. d3 O-O-O $32 {[%cal Gg4e3]}) (
12... Nxc4 $5 13. bxc4 Be6 14. Nd5 (14. d3 {[%csl Re3]})) 13. Rhf1 {[%emt 0:07:
02]} b5 {[%emt 0:16:51]} 14. Bd5 {[%emt 0:02:26]} Ra7 $1 {[%emt 0:00:40]} (
14... Nxd5 $143 15. Nxd5 {[%csl Gb2]} O-O) 15. Kg1 {[%emt 0:03:44]} g5 {
[%emt 0:00:38] Les Blancs n'ont pas beaucoup de compensations pour le P
sacrifié} 16. a4 {[%emt 0:06:52]} (16. h4 h6) 16... b4 {[%emt 0:05:05]} 17.
Na2 {[%emt 0:01:03]} a5 {[%emt 0:01:30]} 18. d4 {[%emt 0:00:26]} cxd4 {[%emt 0:
00:06]} 19. Bxd4 {[%emt 0:00:05]} Rc7 {[%emt 0:00:08]} 20. Rf2 {[%emt 0:07:00]}
Nxd5 {[%emt 0:11:21]} 21. exd5 {[%emt 0:02:35]} Re7 {[%emt 0:00:59]} 22. Rc1 {
[%emt 0:06:45] La position est assez chaotique avec des pièces mal
coordonnées des deux cotés.} O-O {[%emt 0:00:43]} 23. Bb6 $6 {[%emt 0:02:10]
Les Blancs regagnent le P sacrifié mais au risque de mettre le B hors-jeu} Ng4
{[%emt 0:00:34]} 24. Rf3 {[%emt 0:01:09]} Bb7 {[%emt 0:05:11]} 25. Bxa5 {
[%emt 0:02:31]} Bxd5 $15 {[%emt 0:00:19][%csl Ra2,Ra5,Rc2] La partie a
basculé dans le camp Noir} 26. Rd3 {[%emt 0:02:39]} Bb7 {[%emt 0:13:55]} 27.
h3 {[%emt 0:00:05]} Rfe8 $1 {[%emt 0:02:06] Un sacrifice probablement intuitif
pour tenter de profiter de la mauvaise coordination des pièces Blanches} 28.
hxg4 {[%emt 0:01:24]} Re2 {[%emt 0:00:04]} 29. Rf3 {[%emt 0:04:11]} h5 $1 {
[%emt 0:00:13] Joué à tempo} (29... Bxf3 $143 $6 30. gxf3 R8e3 (30... Re1+ $2
31. Kf2 (31. Rxe1 Rxe1+ 32. Kf2 Rb1 33. Nxb4) 31... R8e2#) 31. Nxb4 Rxf3 32.
Nd3 Rg3+ 33. Kf1 {Et les Blancs doivent survivre à l'attaque}) 30. gxh5 {
[%emt 0:02:54]} Bxf3 {[%emt 0:04:40]} 31. gxf3 {[%emt 0:00:04]} g4 $3 {[%emt 0:
00:16][%csl Gf4][%cal Gf4f3]} 32. Bxb4 $2 {[%emt 0:01:11] Paradoxalement, il
restait 6 minutes aux Blancs contre seulement deux aux Noirs mais le bulgare
gaffe sous la pression.} (32. Nxb4 $142 R8e5 (32... g3 33. Nd5 {[%cal Gd5f6]}
Kg7 34. Nxf4) 33. Bb6 {[%cal Gb6f2,Gb4d3] Et les pièces mineures doivent
avoir le temps de revenir défendre l'aile-roi}) 32... gxf3 {[%emt 0:00:32]}
33. Kf1 {[%emt 0:03:39]} Rh2 $1 $40 {[%emt 0:01:24][%csl Ra2,Rc1,Gh2][%cal
Ge8e2,Gh2h1] La menace Rh1 bloque le Na2 à la défense de la Rc1 et les
Blancs ont virtuellement une pièce de moins} 34. Re1 {[%emt 0:00:56]} Ree2 $1
{[%emt 0:00:13]} 35. Rxe2 {[%emt 0:00:30]} fxe2+ $19 {[%emt 0:00:03][%cal
Gf4f3] Les P sont trop forts} 36. Ke1 {[%emt 0:00:34]} f3 {[%emt 0:00:04]} 37.
Kd2 {[%emt 0:00:01]} Rh1 {[%emt 0:01:26]} 38. Ke3 {[%emt 0:00:02]} Rf1 $1 {
[%emt 0:01:05]} (38... e1=Q+ 39. Bxe1 Rxe1+ 40. Kxf3 {[%cal Ga4a8]}) 39. Bc3 {
[%emt 0:00:33]} f5 {[%emt 0:00:13]} 40. Nc1 {[%emt 0:02:19]} f4+ $1 {[%emt 0:
00:37]} 41. Kxf4 {[%emt 0:30:26]} f2 {[%emt 0:30:38]} 42. Nxe2 {[%emt 0:00:30]}
Rg1 {[%emt 0:00:07]} 43. Nxg1 {[%emt 0:01:29]} fxg1=Q {[%emt 0:00:09]} 44. Ke4
{[%emt 0:00:01]} Qd1 {[%emt 0:00:28]} 0-1

[Event "Reykjavik zt"]
[Site "Reykjavik"]
[Date "1995.??.??"]
[Round "11"]
[White "Agdestein, Simen"]
[Black "Hjartarson, Johann"]
[Result "0-1"]
[WhiteElo "2600"]
[BlackElo "2590"]
[Annotator "Ribli,Z"]
[PlyCount "88"]
[EventDate "1995.03.??"]
[EventType "swiss"]
[EventRounds "11"]
[EventCountry "ISL"]
[SourceTitle "CBM 047"]
[Source "ChessBase"]
[SourceDate "1995.08.01"]
[SourceVersion "1"]
[SourceVersionDate "1995.08.01"]
[SourceQuality "1"]

1. c4 c5 2. Nc3 g6 3. e4 Bg7 4. d3 Nc6 5. g4 $6 {Ungewoehnlich und
wahrscheinlich auch nicht besonders gut. >= 5.g3 -> A36} d6 6. Bg2 a6 $5 {
Schwarz will erst am Damenfluegel klare Situation erreichen.} 7. a4 e6 8. Nge2
Nge7 9. O-O O-O 10. g5 Rb8 {Sofortige 10...Bd7!? und 11...Nd4 kommt auch in
Betracht.} 11. Kh1 Bd7 12. f4 {Der weisse Bauernvormarsch fuehrte zu keinem
Koenigsangriff, sondern zur Schwaechung der eigenen Bauernstruktur.} Nd4 13.
Nxd4 (13. Be3 $5) 13... Bxd4 14. Rf3 $2 Bc6 15. Rh3 $6 {Ich verstehe nicht,
wie der Anziehende ueber die Erfolgschancen eines solchen Angriffs ueberhaupt
nachdenken konnte.} f5 $1 {Dieser kraftvolle und typishe Zug wiederlegt das
weisse Spielkonzept (Schwarz kann den h7-Punkt mit Rf7 einfach decken).} 16.
gxf6 (16. exf5 Nxf5 $17) 16... Bxf6 (16... Rxf6 $2 17. Ne2 $13) 17. Qg4 Qd7 18.
Rf3 Kh8 19. Bd2 (19. Bh3 Nf5 $5 20. exf5 gxf5 21. Qg2 (21. Qh5 Qe8 $19) 21...
Rg8 22. Qf1 b6 $1 23. Bg2 Rxg2 $1 24. Kxg2 Qb7 $19 {Droht /\ Rg8.}) 19... Rg8
20. a5 $6 (20. Re1 $5 {Gewinnt ein Tempo.}) (20. Bh3 Nf5 21. exf5 $2 gxf5 22.
Qh5 Qe8 $19) 20... Rg7 21. Re1 {Mit der Drohung /\ e5.} Bd4 $1 22. h4 Ng8 23.
Bh3 Re8 24. Kh2 Qd8 $1 {Der Nachziehende zeigt genau, warum es unnoetig war 20.
a5?! zu spielen.} 25. Nd1 Bf6 $1 {Weiss kann der Materialverlust nicht
vermeiden.} 26. Bc3 (26. h5 Nh6 27. Qg2 gxh5 $19) 26... Bxc3 27. Nxc3 Qxa5 $1 {
Ausgezeichnet gespielt. Schwarz hat einen Bauer mehr, den er in der Folge zum
Sieg verwertet.} 28. Qg5 Qc7 29. h5 gxh5 30. Qxh5 Nf6 31. Qh4 Qe7 {Droht /\
Ng4 mit Damengewinn.} 32. Rg3 Rxg3 33. Qxg3 Rg8 34. Qf3 Ng4+ $1 35. Kh1 (35.
Bxg4 Qh4+ 36. Bh3 Qxe1 $19) 35... Qh4 36. Re2 {[#]} Nf2+ $1 {Eine kleine aber
huebsche Kombination verkuerzt die Partie.} 37. Rxf2 (37. Qxf2 Qxh3+ 38. Qh2
Qf1+ $19) 37... Rg3 $1 38. Qe2 Rxh3+ 39. Rh2 Qg3 40. Rxh3 Qxh3+ 41. Qh2 Qf1+
42. Qg1 Qxf4 43. Qg2 Qh6+ 44. Kg1 Qg7 {Diese Partie ist ein Lehrspiel wie man
den positionell schlechten vorbereite- ten Angriff wiederlegen kann. Ribli} 0-1

[Event "RUS-chT 06th"]
[Site "St Petersburg"]
[Date "1999.05.21"]
[Round "6"]
[White "Ivakhin, Maxim"]
[Black "Gubajdullin, Alexey"]
[Result "1-0"]
[WhiteElo "2428"]
[BlackElo "2305"]
[Annotator "Smirin,I"]
[PlyCount "76"]
[EventDate "1999.05.16"]
[EventType "team-tourn"]
[EventRounds "9"]
[EventCountry "RUS"]
[SourceTitle "EXT 2020"]
[Source "ChessBase"]
[SourceDate "2019.10.17"]
[SourceVersion "1"]
[SourceVersionDate "2019.10.17"]
[SourceQuality "1"]
[WhiteTeam "Novokuznetsk"]
[BlackTeam "Kazan Sberbank-Tatarstan"]
[WhiteTeamCountry "RUS"]
[BlackTeamCountry "RUS"]

1. e4 c5 2. Nf3 Nc6 3. g3 $6 d5 4. exd5 Qxd5 5. Nc3 Qe6+ (5... Qd8 6. Bg2 Nf6
7. O-O Bg4 8. h3 Bh5 9. g4 Bg6 10. d3 e6 11. Bf4 (11. Nh4 $14 {[%cal Gf2f4]})
11... Bd6 12. Qd2 O-O $11 {Bauer,C-Degraeve Jean Marc/Cappelle la Grande 1994/
1/2-1/2 (43)}) (5... Qh5 $5 6. Be2 Bg4 7. O-O O-O-O 8. d3 e5 $15 {Baena,J-Saez
Gabikagogeaskoa,O/ch-ESP 1998 (39)}) 6. Be2 (6. Ne2 $6 Qe4 $1 7. Bg2 Nd4 8.
Nfxd4 $8 Qxg2 9. Rg1 Qd5 10. Nb5 Qc6 11. Nbc3 e5 $17 12. d3 Nf6 13. Bg5 Ng4 $1
$19 {[%csl Rf3,Rh2] 0-1 Lezcano Jaen,P-Kurajica,B/Grand Canaria 1993}) 6... Nd4
7. Nxd4 cxd4 8. Nb5 Qc6 9. f3 e5 $15 (9... Qb6 10. c3 {[%cal Gd1a4]} dxc3 11.
dxc3 $14) 10. Bd3 a6 11. Qe2 $8 Qc5 12. Na3 Bd6 13. Nc4 Be6 14. b4 (14. Nxd6+
$6 Qxd6 15. O-O Nf6 16. f4 exf4 17. Rxf4 O-O (17... Rd8 18. b3 O-O 19. Bb2 $14)
18. c3 dxc3 19. dxc3 Rfe8 20. Rd4 Qb6 $36) 14... Qc7 15. Nxd6+ Qxd6 16. a4 Ne7
(16... Nf6 $6 17. Ba3 $14 {[%cal Gb4b5]}) 17. Ba3 Bd5 18. O-O O-O 19. b5 Qe6
20. Rae1 f6 21. f4 $16 axb5 22. fxe5 f5 (22... Rxa4 $2 23. exf6 Qxe2 24. Rxe2
Rxa3 25. fxe7 Re8 {[%tqu "En","","","","f1f8","",10]} 26. Rf8+ $1 Rxf8 27.
Bxh7+ $18) 23. Bxb5 f4 $6 {another dubious sacrifice} 24. Bxe7 Qxe7 25. gxf4
$18 Qe6 26. Qd3 Rf5 27. Qg3 Qh6 28. Bd7 Rh5 29. Rf2 (29. e6 {[%cal Ge6e7]} Rh3
30. Qg5 Rxh2 31. Qxd5 $18) 29... Qb6 30. e6 Qc7 31. Qg4 Rh6 {[%cal Gh6g6]} 32.
f5 Kh8 33. Qxd4 Qg3+ $1 {Last trick!} 34. Kf1 (34. hxg3 $4 Rh1#) 34... Bf3 35.
Re3 Rxh2 36. Rexf3 Rh1+ 37. Ke2 Qg5 38. f6 Qh5 1-0

[Event "RUS-Cup08"]
[Site "Omsk/Perm"]
[Date "1998.05.??"]
[Round "8"]
[White "Batsanin, Dmitry"]
[Black "Yakovich, Yuri"]
[Result "0-1"]
[WhiteElo "2370"]
[BlackElo "2570"]
[Annotator "Yakovich,Y"]
[PlyCount "72"]
[EventDate "1998.??.??"]
[EventType "swiss"]
[EventRounds "9"]
[EventCountry "RUS"]
[SourceTitle "CBM 067"]
[Source "ChessBase"]
[SourceDate "1998.11.30"]
[SourceVersion "2"]
[SourceVersionDate "1998.11.01"]
[SourceQuality "1"]

1. e4 c5 2. g3 d5 3. exd5 Qxd5 4. Nf3 Nc6 5. Nc3 Qe6+ 6. Be2 Nd4 $1 (6... Qd7
7. Bb5 Qe6+ 8. Qe2 Qxe2+ 9. Kxe2 Bd7 10. Rd1 e6 11. d4 cxd4 12. Nxd4 Nge7 13.
Bxc6 bxc6 14. Ne4 $16 {0-1 Batsanin,D-Bacrot,E/WchJM U14 1996/JUN 97 (33)}) 7.
Nxd4 cxd4 8. Nb5 Qc6 9. f3 Qd7 $1 $146 (9... e5 $6 10. Bd3 a6 11. Qe2 $1) 10.
Bd3 a6 11. Qe2 Qd8 $1 {Black Qween made 5 moves in the opening but white
position is worse, because of weaknesses on the K-side and bad disposition of
their pieces} (11... Nf6 $2 12. Qe5) (11... e6 12. Qe5 (12. c3 $5) 12... f6 13.
Qh5+ g6 (13... Kd8 14. Na3) 14. Bxg6+) (11... g6 12. c3 $1 (12. Qe5 $6 f6 13.
Qd5 $8)) 12. Na3 Nf6 (12... e6 $5 13. Nc4 Nf6 (13... Ne7 $5 14. a4 Nc6 15. a5
Bc5 16. b3 O-O 17. Ba3 Bxa3 18. Rxa3 e5 19. Be4 Re8 (19... Be6 20. Bxc6 Bxc4) (
19... Qc7)) (13... Bc5 $2 14. Qe5) 14. a4 Bc5 $15) 13. c4 (13. c3 e6 14. Nc2
Bc5 $15) 13... g6 14. O-O Bg7 15. Re1 e6 $2 {[%csl Rd6] ><d6 is weak now} (
15... b6 $1 16. Nc2 Ra7 17. b4 O-O 18. Bb2 Nh5 $15 {[%cal Re7e5]} (18... e5 19.
Qxe5)) 16. c5 {[%cal Ra3c4,Rc4d6]} b6 (16... Qa5 17. b4 $1 (17. Nc4 $2 Qxc5 18.
b3 b5 19. Ba3 b4) (17. Qe5 $5 Nh5 18. Nc4 $36) 17... Qxb4 18. Nc4 $36) (16...
Nd7 17. b4 a5 18. Nc4 O-O (18... axb4 $2 19. Nd6+ Kf8 20. Nxf7) 19. bxa5 $5
Nxc5 20. Ba3 Qc7 21. Rac1 (21. Rec1 {[%cal Ga1b1]})) 17. cxb6 Qxb6 18. Nc4 Qb8
19. b3 O-O 20. Ba3 Rd8 21. Rac1 Bd7 $1 (21... Bb7 22. Na5) 22. Be7 $6 (22. Ne5
Nd5 $1 (22... Bb5 $2 23. Nxf7 Bxd3 24. Qxe6 $18) (22... a5 $2 23. Nc6 (23. Be7
$18) 23... Bxc6 24. Rxc6 Nd5 $11) 23. Nc6 (23. Bxa6 $4 Qxe5) (23. Nxd7 Rxd7)
23... Bxc6 24. Rxc6 a5 $13) 22... Rc8 $1 $15 23. Ne5 Rxc1 $1 (23... Bb5 $2 24.
Nxf7 $3 Rxc1 25. Nh6+ $1 Bxh6 26. Qxe6+ Kg7 (26... Kh8 27. Bxf6+ Bg7 28. Bxg7+
Kxg7 29. Rxc1 Bxd3 30. Qe7+ Kh6 (30... Kh8 31. Rc7 $18) 31. Rc7 $18) 27. Bxf6+
Kf8 28. Rxc1 Bxd3 29. Be5 Qd8 30. Rc7 $18) 24. Rxc1 Bb5 25. Ba3 (25. Bxb5 axb5
$5 (25... Qxb5 $5 26. Qxb5 axb5 $15) 26. Bxf6 Bxf6 27. Nd7 Qd8 28. Qxb5 Rxa2
29. Qb7 Kg7 $1 $17) 25... Nd5 26. Nc4 Qa7 27. Nd6 $138 Rd8 $138 28. Ne4 $2 (28.
Bc5 $1 Bxd3 (28... Qc7 29. Bxb5 axb5 (29... Rxd6 30. Ba3 Qb6 31. Bxd6 d3+ 32.
Bc5) 30. Nxb5) (28... Qa8 29. Nxb5 axb5 30. Bxb5 Qxa2 31. b4 $11) 29. Qxd3 Qa8
$15 (29... Qc7 30. Qxa6)) (28. Bxb5 $4 d3+ $19) 28... Nc3 $1 29. Qf1 $2 (29.
dxc3 $8 dxc3+ 30. Bc5 Bd4+ 31. Kg2 Bxc5 32. Bxb5 axb5 $17) 29... Bxd3 30. Qxd3
Ne2+ $1 31. Qxe2 d3+ 32. Bc5 Qxc5+ 33. Nxc5 (33. Rxc5 dxe2 34. Rc1 f5 $19)
33... dxe2 34. Kf2 (34. Ne4 f5) 34... Rxd2 35. Ne4 $2 $138 (35. Nxa6 Rxa2 36.
Nb4 e1=Q+ 37. Kxe1 Rxh2 38. Rc8+ Bf8 $19) 35... Bd4+ 36. Ke1 Rxa2 0-1